|
|
|
|
| LEADER |
00791nam a2200169Ia 4500 |
| 008 |
150624b xxu||||| |||| 00| 0 eng d |
| 020 |
|
|
|a 0713164514
|
| 020 |
|
|
|a 713164514
|
| 082 |
|
|
|a 302.3
|
| 100 |
|
|
|a Gudykunst, William B. Ed
|
| 245 |
|
|
|a Intergroup communication /
|c William B. Ed Gudykunst
|
| 260 |
|
|
|a London :
|b Edward Arnold,
|c 1986.
|
| 300 |
|
|
|a 212 p.
|
| 505 |
|
|
|a 1. Perspective for the study of intergroup communication 2. Social groups and social stereotypes in intergroup communication: review and model of intergroup communication breakdown 3. Influence of age, sex and social class on intergroup communication 4. R
|
| 942 |
|
|
|c BK
|
| 999 |
|
|
|c 39323
|d 39323
|
| 952 |
|
|
|0 0
|1 0
|4 0
|6 302_300000000000000_GUD_I
|7 0
|9 39321
|a UL
|b UL
|c ST2
|d 1998-09-01
|l 0
|o 302.3 GUD/I
|p 57177
|r 2012-10-27
|w 2012-10-27
|y BK
|